| 000 | 01041nam a2200241 a 4500 | ||
|---|---|---|---|
| 001 | BRCA_9009 | ||
| 005 | 20190320210506.0 | ||
| 008 | 190717s1778----sp-a######---#000-0#spa-# | ||
| 041 | _aspa | ||
| 044 | _asp | ||
| 084 |
_aLE3 _b.A86 1778 |
||
| 100 | 1 |
_aAntonio Andres _922352 |
|
| 245 | 1 | 0 |
_aQuaresma del P. Fr. Antonio Andres _bletor de Sagrada Theología, escritor publico de su orden, regente de estudios, calificador del Santo Oficio, y custodio actual de su provincia de descalzos |
| 260 |
_aValencia _bEn La Imprenta de Benito Monfort _c1778 |
||
| 300 |
_a316 p. (t.3) _c20.7 x 15.2 cm |
||
| 500 | _aCon la licencia del Real Consejo | ||
| 500 | _aEn portada: Quien lo dedica a Christo Crucificado | ||
| 500 | _aEn portada: Al fin de este tercer tomo hay una aplicacion de los Sermones de la Quaresma à las Dominicas de entre año | ||
| 500 | _aEstado físico: presenta encuadernación en pergamino con cintas rotas y cantos decorados | ||
| 650 | 1 | 4 |
_aCuaresma _yObras anteriores a 1800 _922353 |
| 902 | _aCFM | ||
| 942 |
_2lcc _cB |
||
| 999 |
_c8660 _d8660 |
||